| 000 | 00472nam a22001817a 4500 | ||
|---|---|---|---|
| 999 |
_c2579 _d2579 |
||
| 003 | OSt | ||
| 005 | 20181016174853.0 | ||
| 008 | 181016b ||||| |||| 00| 0 eng d | ||
| 020 | _a0564069914 | ||
| 040 | _cDLC | ||
| 082 | _a226.5 | ||
| 245 |
_aThe Light Shines/ _cGoodnews From John - Partnership Edition |
||
| 250 | _a4th Edition | ||
| 260 |
_aNew York : _bAmerican Bible Society, _c!976. |
||
| 300 | _a65 p.: | ||
| 650 | _aLight From Gospel Of John | ||
| 942 |
_2ddc _cBK |
||